History Quiz

Random History Quiz

BYX Chapters Quiz Stats

Quiz not verified by Sporcle

Challenge
Share
Tweet
Embed
Score 0/34 Timer 05:00
0 Plays Today
Chapter School % Correct
BetaTCU
92.6%
GammaTexas A&M
89.3%
AlphaUT-Austin
87.7%
EpsilonHouston Baptist
77%
ZetaTexas State
76.2%
EtaTexas Tech
76.2%
IotaBaylor
74.6%
ThetaNorth Texas
73.8%
KappaOklahoma
73%
DeltaStephen F. Austin University (deactivated)
72.1%
NuVanderbilt
70.5%
MuSMU
67.2%
XiArkansas
66.4%
SigmaMissouri
66.4%
OmnicronMississippi State
63.9%
PiUGA
61.5%
TauSouthern Mississippi (deactivated)
61.5%
Chapter School % Correct
UpsilonFlorida
61.5%
LambdaSam Houston State University (deactivated)
60.7%
RhoOklahoma State
60.7%
PsiLSU
59.8%
PhiColorado (deactivated)
59%
ChiOle Miss
58.2%
OmegaAuburn
57.4%
Alpha ThetaYale
54.9%
Alpha KappaMichigan
54.9%
Alpha EtaClemson
54.1%
Alpha BetaKansas
52.5%
Alpha ZetaUT-Knoxville
52.5%
Alpha AlphaNorth Carolina State
50.8%
Alpha GammaCentral Arkansas
50.8%
Alpha IotaAlabama
50.8%
Alpha DeltaSouthern Arkansas
50%
Alpha EpsilonCentral Oklahoma
48.4%

You're not logged in!

Compare scores with friends on all Sporcle quizzes.
Sign Up with Email
OR
Log In

You Might Also Like...

Show Comments

Extras

Top Quizzes Today


Score Distribution

Your Account Isn't Verified!

In order to create a playlist on Sporcle, you need to verify the email address you used during registration. Go to your Sporcle Settings to finish the process.